Statistiques concernant Albums des Schtroumpfs

Cliquez ici pour prendre le quiz!

Statistiques générales

  • Ce quiz a été pris 135 fois
  • Le résultat moyen est 10 sur 38

Statistiques - réponses

NuméroTitre% Correct
3.La Schtroumpfette
86%
1.Les Schtroumpfs noirs
78%
2.Le Schtroumpfissime
66%
6.Le Cosmoschtroumpf
57%
9.Schtroumpf vert et Vert Schtroumpf
52%
5.Les Schtroumpfs et le Cracoucass
43%
12.Le Bébé Schtroumpf
42%
16.Le Schtroumpf financier
41%
11.Les Schtroumpfs olympiques
35%
10.La Soupe aux Schtroumpfs
32%
4.L'Œuf et les Schtroumpfs
32%
27.Schtroumpf les Bains
31%
24.Salade de Schtroumpfs
30%
19.Le Schtroumpf sauvage
29%
18.Docteur Schtroumpf
26%
25.Un enfant chez les Schtroumpfs
26%
21.On ne schtroumpfe pas le progrès
25%
15.L'Étrange Réveil du Schtroumpf paresseux
24%
28.La Grande Schtroumpfette
23%
7.L'Apprenti Schtroumpf
23%
20.La Menace Schtroumpf
22%
8.Histoires de Schtroumpfs
21%
13.Les P'tits Schtroumpfs
21%
14.L'Aéroschtroumpf
19%
23.Les Schtroumpfs joueurs
19%
22.Le Schtroumpf reporter
18%
26.Les Schtroumpfs et le Livre qui dit tout
18%
17.Le Schtroumpfeur de bijoux
14%
29.Les Schtroumpfs et l'Arbre d'or
11%
30.Les Schtroumpfs de l'ordre
10%
35.Les Schtroumpfs et les haricots mauves
10%
31.Les Schtroumpfs à Pilulit
8%
32.Les Schtroumpfs et l'Amour Sorcier
8%
37.Les Schtroumpfs et la machine à réver
7%
36.Les Schtroumpfs et le dragon du lac
7%
38.Les Schtroumpfs et le vol des cigognes
7%
33.Schtroumpf le héros
7%
34.Les Schtroumpfs et le Demi-génie
5%

Distribution des résultats

Percentile par nombre de réponses

% des personnes avec chaque résultat

Votre développement - résultats

Vous n’avez pas pris ce quiz